00626 2200193 4500001002100000005001500021035002000036007000300056008003900059082001000098084001600108100001900124245014800143260005800291300004500349650001100394650001400405022001300419INLIS00000000000098720240919102206 a0010-0924000065ta240919 | | |  a633.1 a633.1 KAM e0 aKamal Shrestha1 aEffect of localized fertilizer application on deep root development during early growth in upland rice under upland condition /cKamal Shrestha aUnited Kingdom, Kyoto :bTaylor & Francis Ltd.,c2024 a240-252 hlm, :bilus, ;c21 cm X 29,5 cm 4aJurnal 4aPadi Gogo a13491008